000 00874nam a22002297a 4500
001 44409
003 BD-RjUL
005 20211209053842.0
008 160717s2004 ii ||||| |||| 00| 0 ben d
020 _c: IRs 200.00
035 _a(BD-RjUL)44527
040 _aBD-RjUL
_bben
_cBD-RjUL
041 _aben
082 _223
_a398.2
_bMIJ 2004
100 _aমিত্র, অন্তরা
_9127180
245 1 0 _aজাতীয়তাবাদী পদ্ধতিতে বাংলা লোককথার বিচার-বিশ্লেষণ /
_cঅন্তরা মিত্র
260 _aকলকাতা :
_bপুস্তক বিপণি,
_c২০০৪
300 _a[১০], ৩৬৭ পৃ. ;
_c২১ সেমি.
650 _aলোকসাহিত্য
_9136314
650 _aFolk Literature
_9136315
942 _2ddc
_cBK
999 _c44409
_d44409